| 000 | 00693nam a2200241 a 4500 | ||
|---|---|---|---|
| 999 |
_c10258 _d10258 |
||
| 001 | 10258 | ||
| 003 | BD-JhCC | ||
| 005 | 20180520121211.0 | ||
| 008 | 171111s1993 bg a|||| ||a| 000 0 ben d | ||
| 020 | _a9844370256 | ||
| 035 | _a(BD-JhCC)10258 | ||
| 040 |
_aBD-JhCC _dBD-JhCC |
||
| 041 | _aben | ||
| 082 |
_a332 _bKHU 1993 |
||
| 100 | _aখুরশিদ, মাহমুদ | ||
| 245 |
_aটাকা কড়ির কথা / _cমাহমুদ খুরশিদ |
||
| 260 |
_aঢাকা : _bনওরোজ সাহিত্য সংসদ, _c1993. |
||
| 300 |
_a70 p. : _c22 cm. |
||
| 650 | _aMoney | ||
| 650 | _aCoin | ||
| 942 |
_2ddc _cBK |
||